Compositions de Real Madrid - Liverpool (2022) - Statistiques

Statistiques générales
  • Ce quiz a été pris 153 fois
  • Le résultat moyen est 21 sur 28
Statistiques - réponses
Poste Joueur % Correct
G Courtois
100%
AG Vinicius
97%
BU Benzema
96%
MC Modric
95%
DD Carvajal
94%
MC Kroos
93%
AD Salah
93%
G Alisson
92%
DG Mendy
88%
DG Robertson
87%
DC Van Dijk
87%
REMP Rodrygo
85%
BU Mané
84%
DC Militao
84%
DD Alexander-Arnold
76%
DC Konaté
76%
DC Alaba
74%
MC Casemiro
74%
AD Valverde
70%
REMP Firmino
69%
MC Henderson
61%
AG Diaz
60%
REMP Camavinga
58%
MC Fabinho
52%
REMP Jota
47%
MC Thiago
36%
REMP Ceballos
33%
REMP Keita
27%
Aucun quiz correspondant
Distribution des résultats
% des personnes avec chaque résultat
Percentile par nombre de réponses
Votre historique - résultats
Vous n’avez pas pris ce quiz